01266nam a2200265 i 4500003000900000005001700009007000300026008004100029020001800070040003000088041000800118082002400126100004400150245005300194250002300247264005400270300002700324336002700351337003300378338002800411500006300439520043600502650003000938650003200968DO-SdBNP20250718112213.0ta250715s2016 dr 000 p spa d a9781530695492 aDO-SdBNPbspacBNPHUerda aspa 4aRD861.44bV422e222 aVega, Román de lad1964-eautor4aut.10aEnero :b30 poemas de amor /cRomán de la Vega aEdición especial 1aSanto Domingo :b[editor no identificado],c2016. a61 páginas :c22 cm. atextobtxt2rdacontent asin mediaciónbn2rdamedia avolumenbnc2rdacarrier aIncluye datos biografícos del autor en la contracubierta aENERO 30 POEMAS DE AMOR, es una fontana de bellísimas musas y sanas inspiraciones de amor, que le dan a esta obra un toque mágico, natural y de sentimientos infinitos. Así como Enero es el primer mes del año, para el autor el amor es parte esencial en su expresión poética, elevando el amor a la cima de la vida como fuente de todas las cosas, por lo que leer esta obra es llegar al corazón y el alma del amor mismo.  7aPoesía dominicana2LEMB 7aLiteratura dominicana2LEMB